| Tag |
First Indicator |
Second Indicator |
Subfields |
| LEADER |
00000cam a2200000 i 4500 |
| 001 |
in00000014434 |
| 005 |
20151007052219.0 |
| 008 |
780428s1977 kyu 00110 eng |
| 010 |
|
|
|a 78101531
|
| 020 |
|
|
|c $3.25
|
| 035 |
|
|
|a (OCoLC)03915260
|
| 035 |
|
|
|9 AAA6800AM
|
| 040 |
|
|
|a DLC
|c DLC
|d m.c.
|d TXA
|d UtOrBLW
|
| 043 |
|
|
|a n-us-ky
|
| 049 |
|
|
|a TXAM
|c [A11054687]
|
| 050 |
0 |
0 |
|a F457.H7
|b F84 1977
|
| 082 |
0 |
|
|a 929/.376998
|2 19
|
| 110 |
2 |
|
|a Fulton Genealogical Society.
|
| 245 |
1 |
0 |
|a Marriage bonds, Hickman County, Kentucky, 1822-1845 /
|c collected and published by Fulton Genealogical Society.
|
| 264 |
|
1 |
|a Fulton, Ky. :
|b The Society,
|c 1977.
|
| 300 |
|
|
|a 46 leaves ;
|c 28 cm.
|
| 336 |
|
|
|a text
|b txt
|2 rdacontent
|
| 337 |
|
|
|a unmediated
|b n
|2 rdamedia
|
| 338 |
|
|
|a volume
|b nc
|2 rdacarrier
|
| 500 |
|
|
|a Includes indexes.
|
| 651 |
|
0 |
|a Hickman County (Ky.)
|x Genealogy.
|
| 650 |
|
0 |
|a Registers of births, etc.
|z Kentucky
|z Hickman Co.
|
| 999 |
|
|
|a MARS
|
| 999 |
f |
f |
|s b513c927-8d30-38e9-b919-85a4d789d5ac
|i 461bfee9-902a-33ff-94f4-7100fcd6e7c4
|t 0
|
| 952 |
f |
f |
|p ric
|a Texas A&M University
|b Rellis Campus
|c Joint Library Facility
|d Remote Storage
|t 0
|e F457.H7 F84 1977
|h Library of Congress classification
|i unmediated -- volume
|m A14811054687
|
| 998 |
f |
f |
|a F457.H7 F84 1977
|t 0
|l Remote Storage
|